03875cam a22004574a 450000100090000000300040000900500170001300800410003001000170007101500190008801600180010702000220012502000250014702000180017202000270019002000300021703500230024703500200027004000710029004200080036105000190036908200170038808400150040524501240042026000340054430000260057844000240060450400640062850510950069252011270178765000200291465000260293465000220296070000320298285600770301485600910309190600450318294200400322795201330326799900170340013721656OSt20230920131438.0040916s2005 nyu b 001 0 eng  a 2004021793 aGBA4836402bnb7 a0130456942Uk a0415341086 (pbk.) a9780415341080 (pbk.) a9780367614621 a0415341078 (hardcover) a9780415341073 (hardcover) a(OCoLC)ocm56559380 a(OCoLC)56559380 aDLCcDLCdBAKERdC#PdUKMdPULdPMCdNLGGCdYDXCPdOCLCQdLVBdDLC apcc00aD13b.P73 200500a907.2bSPI/P a15.022bcl00aPracticing history :bnew directions in historical writing after the linguistic turn /cedited by Gabrielle M. Spiegel. aNew York :bRoutledge,c2005. axiv, 274 p. ;c24 cm. 0aRewriting histories aIncludes bibliographical references (p. 262-268) and index.0 aIs all the world a text? From social history to the history of society two decades later / Geoff Eley -- The determinist fix : some obstacles to the further development of the linguistic approach to history in the 1990s / Gareth Stedman Jones -- The concept(s) of culture / William H. Sewell, Jr. -- Agency in the discursive condition / Elizabeth Deeds Ermarth -- Individual experience and cultural order / Marshall Sahlins -- The constitution of society : outline of the theory of structuration : elements of the theory of structuration / Anthony Giddens -- A theory of structure : duality, agency and transformation / William H. Sewell, Jr. -- How to be an intentionalist / Mark Bevir -- Outline of the theory of practice : structures and the habitus / Pierre Bourdieu -- The evidence of experience / Joan Scott -- The practice of everyday life : "making do" : uses and tactics / Michel de Certeau -- Language and the shift from signs to practices in cultural inquiry / Richard Biernacki -- Toward a theory of social practices : a development in culturalist theorizing / Andreas Reckwitz. a"Gabrielle Spiegel presents an essential new collection of key articles that examine the current status of the debate over the 'linguistic turn', and attempt to rethink the practice of history in light of its implications. These are writings that operate within the framework of the linguistic turn, yet seek to move beyond its initial formulation and reception. The volume offers a synoptic overview of the last twenty-five years of theoretical analysis of historical writing, with a critical examination of the key concepts and positions that have been in debate. This collection delineates the emergence of a new 'practice theory' as a possible paradigm for future historical interpretation concerned with questions of agency, experience and the subject. Articles drawn from a mix of critical thinkers and practicing historians are drawn together along with clear and thorough editorial material. Complex ideas at the forefront of historical practice are revealed and made accessible to students, while for their teachers and other historians this new survey is an indispensable and timely read"--Provided by publisher. 0aHistoriography. 0aLanguage and history. 0aWritingxHistory.1 aSpiegel, Gabrielle M.99529413Table of contentsuhttp://www.loc.gov/catdir/toc/ecip051/2004021793.html423Publisher descriptionuhttp://www.loc.gov/catdir/enhancements/fy0710/2004021793-d.html a7bcbccorignewd1eecipf20gy-gencatlg 2ddccBKh907.2iSPI/Pk907.2mSPI/P 00102ddc40708HISTORYaMESbMEScHISd2023-09-20l0o907.2 SPI/Pp42581r2023-09-20 13:13:51v1095.00w2023-09-20yBKzGL42R3 c42273d42273